[Event "GCT 2021 Parigi - Blitz"]
[Site "Parigi"]
[Date "22.06.2021"]
[Round "14B"]
[White "Rapport, Richard"]
[Black "Radjabov, Teimour"]
[Result "1-0"]
[WhiteTitle "GM"]
[BlackTitle "GM"]
[WhiteElo "2763"]
[BlackElo "2765"]
[WhiteFideId "738590"]
[BlackFideId "13400924"]
[EventDate "2021.06.21"]

1. g3 d5 2. Nf3 Nf6 3. Bg2 c6 4. O-O Bf5 5. c4 e6 6. cxd5 exd5 7. d3 Be7 8. Nc3
O-O 9. Nd4 Bg6 10. e4 dxe4 11. dxe4 Nbd7 12. f4 Bh5 13. Qd2 Nb6 14. Kh1 Nc4 15.
Qd3 c5 16. Qxc4 cxd4 17. Nd5 Nxd5 18. exd5 Rc8 19. Qxd4 Bc5 20. Qd3 Re8 21. Bf3
Bxf3+ 22. Qxf3 Qf6 23. Rb1 Qf5 24. Bd2 Red8 25. Bc3 Rxd5 26. Rbe1 Rcd8 27. Re4
h5 28. Rfe1 f6 29. Kg2 Kh7 30. R4e2 Kg6 31. h3 Rd3 32. g4 Qd5 33. Qxd5 R8xd5 34.
Rf1 b5 35. Rf3 Rxf3 36. Kxf3 Rd3+ 37. Kg2 hxg4 38. hxg4 Be3 39. f5+ Kf7 40. Kf3
Bb6+ 41. Kg2 Bc7 42. Re4 Bb6 43. Bb4 a5 44. Re7+ Kg8 45. Re8+ Kh7 46. Be1 b4 47.
Re6 Bc7 48. Re7 Bf4 49. b3 Kh6 50. Bf2 Be5 51. Be1 Bf4 52. Bf2 Be5 53. Bh4 Rd2+
54. Kf3 Rxa2 55. Bf2 Kh7 56. g5 Ra3 57. g6+ Kh6 58. Be3+ Kh5 59. Rxg7 1-0

[Event "GCT 2021 Parigi - Blitz"]
[Site "Parigi"]
[Date "22.06.2021"]
[Round "14B"]
[White "Caruana, Fabiano"]
[Black "Vachier-Lagrave, Maxime"]
[Result "1/2-1/2"]
[WhiteTitle "GM"]
[BlackTitle "GM"]
[WhiteElo "2820"]
[BlackElo "2760"]
[WhiteFideId "2020009"]
[BlackFideId "623539"]
[EventDate "2021.06.21"]

1. Nf3 Nf6 2. b3 g6 3. Bb2 Bg7 4. g3 b6 5. Bg2 Bb7 6. O-O O-O 7. d4 c5 8. e3 d5
9. Qe2 Nbd7 10. Nbd2 e6 11. c4 Qe7 12. Rfd1 Rfd8 13. Rac1 a5 14. dxc5 Nxc5 15.
Bd4 Nfe4 16. Bxg7 Kxg7 17. Nxe4 dxe4 18. Ne1 f5 19. Rxd8 Rxd8 20. Rd1 e5 21. h4
h5 22. Bf1 Kf6 23. Qc2 Rxd1 24. Qxd1 Qd7 25. Qc2 Qd6 26. Be2 f4 27. exf4 exf4
28. gxf4 Qxf4 29. Qc3+ Qe5 30. Qe3 Bc8 31. Ng2 Kf7 32. Nf4 Be6 33. Kg2 Qf6 34.
Qg3 Nd7 35. Nxe6 Kxe6 36. a3 Ne5 37. b4 axb4 38. axb4 Qd8 39. c5 bxc5 40. bxc5
Qd5 41. Qe3 Nd7 42. f3 Nxc5 43. fxe4 Nxe4 44. Bd3 Ke5 45. Bc2 Qc4 46. Bd3 Qa2+
47. Kf3 Qf7+ 48. Kg2 Qf4 49. Qxf4+ Kxf4 50. Bb1 g5 51. Bxe4 Kxe4 52. hxg5 Kf5
53. g6 Kxg6 54. Kh3 Kf7 55. Kh4 Ke7 56. Kxh5 1/2-1/2

[Event "GCT 2021 Parigi - Blitz"]
[Site "Parigi"]
[Date "22.06.2021"]
[Round "14B"]
[White "Nepomniachtchi, Ian"]
[Black "Svidler, Peter"]
[Result "1-0"]
[WhiteTitle "GM"]
[BlackTitle "GM"]
[WhiteElo "2792"]
[BlackElo "2714"]
[WhiteFideId "4168119"]
[BlackFideId "4102142"]
[EventDate "2021.06.21"]

1. c4 g6 2. Nf3 Bg7 3. g3 c5 4. Bg2 Nc6 5. Nc3 d6 6. O-O Bd7 7. e3 Nf6 8. d4 O-O
9. b3 a6 10. Bb2 Rb8 11. Qe2 Bg4 12. dxc5 dxc5 13. h3 Bd7 14. Rfd1 Qc7 15. Nd5
Nxd5 16. Bxg7 Kxg7 17. cxd5 Ne5 18. Qb2 f6 19. Nxe5 Qxe5 20. Qxe5 fxe5 21. d6 e6
22. Rac1 Rfc8 23. Rc3 b5 24. Rdc1 Rb6 25. Rxc5 Rxc5 26. Rxc5 Kf6 27. f4 exf4 28.
e4 fxg3 29. e5+ Kf5 30. Rc7 Kxe5 31. Rxd7 Rxd6 32. Rxd6 Kxd6 33. b4 Kc7 34. Be4 1-0

[Event "GCT 2021 Parigi - Blitz"]
[Site "Parigi"]
[Date "22.06.2021"]
[Round "14B"]
[White "So, Wesley"]
[Black "Aronian, Levon"]
[Result "1-0"]
[WhiteTitle "GM"]
[BlackTitle "GM"]
[WhiteElo "2770"]
[BlackElo "2781"]
[WhiteFideId "5202213"]
[BlackFideId "13300474"]
[EventDate "2021.06.21"]

1. d4 Nf6 2. c4 e6 3. Nf3 d5 4. Nc3 Bb4 5. Qa4+ Nc6 6. e3 O-O 7. Bd2 dxc4 8.
Bxc4 Bd6 9. Qc2 e5 10. dxe5 Nxe5 11. Nxe5 Bxe5 12. f4 Bxc3 13. Bxc3 Qe7 14.
O-O-O Qxe3+ 15. Kb1 Qxf4 16. Bd3 Be6 17. Rhf1 Qh6 18. Bxf6 gxf6 19. Qxc7 Bd5 20.
Bf5 Bc6 21. Rd3 Rfe8 22. Rg3+ Kf8 23. Qd6+ Re7 24. Re1 Re8 25. Rge3 1-0

[Event "GCT 2021 Parigi - Blitz"]
[Site "Parigi"]
[Date "22.06.2021"]
[Round "14B"]
[White "Firouzja, Alireza"]
[Black "Kramnik, Vladimir"]
[Result "1-0"]
[WhiteTitle "GM"]
[BlackTitle "GM"]
[WhiteElo "2759"]
[BlackElo "2753"]
[WhiteFideId "12573981"]
[BlackFideId "4101588"]
[EventDate "2021.06.21"]

1. e4 e5 2. Nc3 Nf6 3. Bc4 Bc5 4. d3 d6 5. h3 Nc6 6. a3 a6 7. Nge2 O-O 8. Ng3 h6
9. O-O b5 10. Ba2 Be6 11. Kh2 Bxa2 12. Rxa2 d5 13. exd5 Nxd5 14. Nce4 Bd6 15.
Bxh6 f5 16. Bg5 Qd7 17. c4 Nf4 18. Nxd6 Qxd6 19. b4 Nd4 20. Kg1 Qg6 21. Bxf4
exf4 22. Qh5 Qxh5 23. Nxh5 f3 24. Nf4 Rae8 25. h4 bxc4 26. dxc4 Re4 27. g3 Rd8
28. Kh2 Kf7 29. Nh3 Ne6 30. Ng1 Rd3 31. c5 g5 32. Nh3 gxh4 33. Rg1 hxg3+ 34.
Rxg3 Rh4 35. a4 Nf4 36. b5 Rd8 37. Ra3 Nxh3 38. Rxh3 Rxh3+ 39. Kxh3 axb5 40.
axb5 Rd5 41. Rc3 Ke6 42. Kg3 Rd4 43. Rb3 Kd7 44. b6 cxb6 45. cxb6 Kc8 46. Kxf3
Kb7 47. Rb5 f4 48. Kg4 Ra4 49. f3 Rc4 50. Rf5 Kxb6 51. Rxf4 Rc1 52. Rd4 Kc5 53.
Rd2 Rg1+ 54. Kf5 Rg8 55. f4 Rf8+ 56. Kg5 Rg8+ 57. Kh6 Rf8 58. Rf2 Kd5 59. Kg7
Rf5 60. Kg6 Rf8 61. f5 Rg8+ 62. Kh7 Ra8 63. f6 Ke6 64. f7 1-0

[Event "GCT 2021 Parigi - Blitz"]
[Site "Parigi"]
[Date "22.06.2021"]
[Round "15B"]
[White "Firouzja, Alireza"]
[Black "Rapport, Richard"]
[Result "0-1"]
[WhiteTitle "GM"]
[BlackTitle "GM"]
[WhiteElo "2759"]
[BlackElo "2763"]
[WhiteFideId "12573981"]
[BlackFideId "738590"]
[EventDate "2021.06.21"]

1. e4 c5 2. Nf3 e6 3. d4 cxd4 4. Nxd4 Nf6 5. Nc3 Nc6 6. Ndb5 Bb4 7. Bf4 Nxe4 8.
Qf3 d5 9. Nc7+ Kf8 10. Nxa8 e5 11. Bd2 Nd4 12. Qd1 Qh4 13. g3 Qf6 14. Nxe4 Nf3+
15. Qxf3 Qxf3 16. Bxb4+ Kg8 17. Nd6 Qxh1 18. O-O-O Be6 19. Nc7 Qxh2 20. Nxd5
Bxd5 21. Rxd5 Qxf2 22. Bc4 Qe3+ 23. Rd2 Qe1+ 24. Rd1 Qxb4 25. a3 Qc5 26. b4 Qe3+
27. Kb2 g6 28. Nxf7 b5 29. Ba2 Kg7 30. Rd7 Rf8 31. Nxe5+ Kh8 32. Nf7+ Rxf7 33.
Bxf7 Kg7 34. Bc4+ Kh6 35. Bd3 a6 36. g4 Qf4 37. Kb3 Qxg4 38. Rd6 Qc8 39. a4 Qg8+
40. Ka3 Qh8 41. axb5 axb5 42. Bxb5 Qc3+ 43. Ka4 Qxc2+ 44. Ka3 Qc3+ 45. Ka4 Qc2+
46. Ka5 Qc7+ 47. Rb6 Kg5 48. Bd3 Kf4 49. Ka6 g5 50. b5 g4 51. Rc6 Qd7 52. Bf1 g3
53. Rc4+ Ke3 54. b6 Kf2 55. b7 Qd6+ 56. Ka7 Qa3+ 57. Kb6 Qb3+ 58. Kc7 Kxf1 59.
Rf4+ Ke2 60. Rg4 Kf3 61. Rg5 Qc3+ 62. Kb6 Qe3+ 63. Rc5 Qf4 64. Rc3+ Kg4 65. Rc8
Qb4+ 66. Kc6 Qc4+ 67. Kd6 Qd4+ 68. Kc6 Qe4+ 69. Kb6 Qe3+ 70. Kc6 Qf3+ 71. Kb6
Qf2+ 72. Kc6 Qf3+ 73. Kb6 Qb3+ 74. Kc6 Qc2+ 75. Kb6 Qb2+ 76. Kc6 Qc3+ 77. Kb6
Qb4+ 78. Kc6 g2 79. b8=Q Qxb8 80. Rxb8 h5 81. Kd5 Kf3 82. Rb3+ Kf2 83. Rb2+ Kg3
84. Rb3+ Kh2 85. Rb2 Kh1 86. Ke4 h4 87. Rb3 g1=Q 88. Rb2 Qe1+ 89. Kf3 Qg3+ 90.
Ke4 Qg2+ 0-1

[Event "GCT 2021 Parigi - Blitz"]
[Site "Parigi"]
[Date "22.06.2021"]
[Round "15B"]
[White "Kramnik, Vladimir"]
[Black "So, Wesley"]
[Result "0-1"]
[WhiteTitle "GM"]
[BlackTitle "GM"]
[WhiteElo "2753"]
[BlackElo "2770"]
[WhiteFideId "4101588"]
[BlackFideId "5202213"]
[EventDate "2021.06.21"]

1. e4 e5 2. Nf3 Nc6 3. Bc4 Nf6 4. d3 Bc5 5. O-O d6 6. c3 h6 7. Re1 a6 8. a4 Ba7
9. Nbd2 g5 10. b4 Nh7 11. Kh1 O-O 12. b5 Na5 13. d4 g4 14. Ng1 exd4 15. Bb2 Nxc4
16. Nxc4 Be6 17. b6 cxb6 18. Nd2 dxc3 19. Bxc3 b5 20. f4 gxf3 21. Ndxf3 Rc8 22.
Qd2 bxa4 23. Rxa4 Ng5 24. Ba1 Kh7 25. Nd4 Bd7 26. Ra3 Re8 27. Rg3 Rg8 28. Qd3
Rg6 29. Ngf3 Nxf3 30. Rxf3 Be8 31. Ref1 Rc7 32. Qd2 Qg5 33. Qf2 Rc1 34. Bb2
Rxf1+ 35. Qxf1 Qe7 36. Nf5 Qxe4 37. Nxd6 Rxd6 38. Rxf7+ Kg6 39. h3 Bxf7 0-1

[Event "GCT 2021 Parigi - Blitz"]
[Site "Parigi"]
[Date "22.06.2021"]
[Round "15B"]
[White "Aronian, Levon"]
[Black "Nepomniachtchi, Ian"]
[Result "1/2-1/2"]
[WhiteTitle "GM"]
[BlackTitle "GM"]
[WhiteElo "2781"]
[BlackElo "2792"]
[WhiteFideId "13300474"]
[BlackFideId "4168119"]
[EventDate "2021.06.21"]

1. d4 Nf6 2. Nf3 e6 3. Bf4 c5 4. e3 b6 5. Nc3 cxd4 6. Nb5 Nd5 7. Qxd4 Nc6 8. Qa4
Bb4+ 9. c3 Nxf4 10. cxb4 Nd5 11. Nd6+ Kf8 12. b5 Na5 13. Ne5 Qf6 14. Qd4 Ke7 15.
Ne4 Qh6 16. b4 Nb7 17. Rc1 f6 18. Nf3 f5 19. Nc3 Nxc3 20. Rxc3 Qf6 21. Ne5 Nd6
22. Rc7 Ne8 23. Rxc8 Rxc8 24. Qxd7+ Kf8 25. Qxc8 Qxe5 26. Bc4 Qc3+ 27. Kd1 g6
28. Qxe6 Kg7 29. Ke2 Nd6 30. Qxd6 Qxc4+ 31. Qd3 Qg4+ 32. Kd2 Qxg2 33. Qd4+ Kh6
34. Qh4+ Kg7 35. Qd4+ Kh6 36. Qxh8 Qxh1 37. Qe5 Qb1 38. Qf4+ Kg7 39. Qd4+ Kh6
40. Qf4+ Kg7 41. Qc4 Kh6 42. a4 Qb2+ 43. Ke1 Qa1+ 44. Ke2 Qxa4 45. Qh4+ Kg7 46.
Qe7+ Kg8 47. Qe8+ Kg7 48. Qe7+ Kg8 1/2-1/2

[Event "GCT 2021 Parigi - Blitz"]
[Site "Parigi"]
[Date "22.06.2021"]
[Round "15B"]
[White "Svidler, Peter"]
[Black "Caruana, Fabiano"]
[Result "0-1"]
[WhiteTitle "GM"]
[BlackTitle "GM"]
[WhiteElo "2714"]
[BlackElo "2820"]
[WhiteFideId "4102142"]
[BlackFideId "2020009"]
[EventDate "2021.06.21"]

1. e4 c5 2. Nc3 Nc6 3. Bb5 Nd4 4. Nf3 e6 5. O-O a6 6. Bd3 Nc6 7. Re1 b5 8. Bf1
Qb6 9. a4 b4 10. Nd5 exd5 11. exd5+ Nce7 12. d4 d6 13. a5 Qc7 14. dxc5 Qxc5 15.
c4 bxc3 16. bxc3 f6 17. Ba3 Qc7 18. Nd4 Kf7 19. Ne6 Qd7 20. Rb1 Nh6 21. Rb6 Ng6
22. Nxf8 Rxf8 23. Rxd6 Qg4 24. Qxg4 Nxg4 25. Rc6 Rd8 26. c4 N4e5 27. Rb6 Bf5 28.
d6 Nf4 29. c5 Nh3+ 30. Kh1 Nxf2+ 31. Kg1 Nfd3 32. Rd1 Rac8 33. c6 Rxc6 34. Rxc6
Nxc6 35. Bxd3 Bxd3 36. Rxd3 Nxa5 37. Rc3 Rd7 38. Kf2 Ke6 39. Ke3 Rb7 40. Kd4 Kd7
41. Re3 Nc6+ 42. Kc3 Rb5 43. Rg3 g6 44. Rh3 h5 45. Rf3 Ke6 46. Rd3 Rd5 47. Rg3
Ne5 48. h3 g5 49. Kc2 Nc4 50. Bb4 Rb5 51. Rd3 Ne5 52. d7 Nxd7 53. Rd6+ Kf5 54.
Bc3 Ne5 55. Rxa6 Rd5 56. Ra4 h4 57. Rb4 Rd6 58. Ra4 Ng6 59. Bd2 Ne5 60. Bc3 Rc6
61. Kd2 Ng6 62. Ra5+ Ke6 63. Ra8 0-1

[Event "GCT 2021 Parigi - Blitz"]
[Site "Parigi"]
[Date "22.06.2021"]
[Round "15B"]
[White "Vachier-Lagrave, Maxime"]
[Black "Radjabov, Teimour"]
[Result "1-0"]
[WhiteTitle "GM"]
[BlackTitle "GM"]
[WhiteElo "2760"]
[BlackElo "2765"]
[WhiteFideId "623539"]
[BlackFideId "13400924"]
[EventDate "2021.06.21"]

1. c4 g6 2. Nc3 Bg7 3. d4 Nf6 4. g3 c6 5. Nf3 d5 6. Qb3 O-O 7. Bg2 e6 8. O-O b6
9. Rd1 Bb7 10. Bf4 Nbd7 11. Rac1 Re8 12. a4 Rc8 13. Qa2 Qe7 14. a5 Ba8 15. b3 c5
16. Nb5 cxd4 17. Bd6 Qd8 18. Nxa7 Ne4 19. Nxc8 Qxc8 20. cxd5 Nc3 21. dxe6 Rxe6
22. Bb4 bxa5 23. Bxc3 dxc3 24. Qxa5 Re8 25. e3 c2 26. Rd2 Be4 27. Nd4 Bxg2 28.
Kxg2 Qb7+ 29. Nf3 Re5 30. Qd8+ Nf8 31. Qd3 h5 32. Rdxc2 h4 33. gxh4 Ne6 34. Rc6
Rb5 35. Rxe6 fxe6 36. Qxg6 Rf5 37. Qxe6+ Rf7 38. Qc8+ 1-0

[Event "GCT 2021 Parigi - Blitz"]
[Site "Parigi"]
[Date "22.06.2021"]
[Round "16B"]
[White "Rapport, Richard"]
[Black "Vachier-Lagrave, Maxime"]
[Result "1/2-1/2"]
[WhiteTitle "GM"]
[BlackTitle "GM"]
[WhiteElo "2763"]
[BlackElo "2760"]
[WhiteFideId "738590"]
[BlackFideId "623539"]
[EventDate "2021.06.21"]

1. Nf3 Nf6 2. c4 g6 3. Nc3 d5 4. cxd5 Nxd5 5. e4 Nxc3 6. dxc3 Qxd1+ 7. Kxd1 Nd7
8. Bf4 Nc5 9. Nd2 Bg7 10. Be3 Ne6 11. Kc2 Bd7 12. Bc4 b5 13. Bd5 c6 14. Bb3 a5
15. a4 Nd8 16. Rhd1 e6 17. Nf3 Nb7 18. e5 Bf8 19. Ng5 Bc5 20. Nxf7 Rf8 21. Nd6+
Bxd6 22. exd6 b4 23. f3 c5 24. Bc4 Rf6 25. b3 Bc6 26. Rd2 Kd7 27. Re1 Re8 28.
Ba6 Rf5 29. Bf2 e5 30. Bxb7 Bxb7 31. Bxc5 bxc3 32. Rde2 e4 33. Ba3 Rh5 34. h3
Rhe5 35. Kxc3 e3 36. Bc1 Kxd6 37. Rxe3 Rxe3+ 38. Bxe3 Kc6 39. Rc1 Ba6 40. Kd4+
Kb7 41. Rc5 Rd8+ 42. Ke4 Rd3 43. Rxa5 Rxb3 44. Re5 Bf1 45. g4 Bxh3 46. Re7+ Kc6
47. Rxh7 Bf1 48. Rg7 Bd3+ 49. Kd4 Bb1 50. Bf4 Rxf3 51. Ke5 Ra3 52. Ra7 Kb6 53.
Ra8 Kb7 54. Ra5 Bc2 55. Rb5+ Ka6 56. Rd5 Rxa4 57. Rd6+ Kb5 58. Rd4 Rxd4 59. Kxd4
g5 60. Bxg5 Bd1 61. Bf4 Bxg4 1/2-1/2

[Event "GCT 2021 Parigi - Blitz"]
[Site "Parigi"]
[Date "22.06.2021"]
[Round "16B"]
[White "Radjabov, Teimour"]
[Black "Svidler, Peter"]
[Result "1-0"]
[WhiteTitle "GM"]
[BlackTitle "GM"]
[WhiteElo "2765"]
[BlackElo "2714"]
[WhiteFideId "13400924"]
[BlackFideId "4102142"]
[EventDate "2021.06.21"]

1. Nf3 c5 2. c4 Nc6 3. Nc3 g6 4. e3 Bg7 5. d4 d6 6. d5 Ne5 7. Nxe5 Bxe5 8. Bd3
Bg7 9. O-O Nf6 10. e4 O-O 11. h3 e6 12. Bf4 exd5 13. cxd5 a6 14. a4 Re8 15. Qd2
c4 16. Bc2 Qc7 17. Bh6 Bxh6 18. Qxh6 Bd7 19. a5 b5 20. axb6 Qxb6 21. Qd2 Reb8
22. Kh2 Qc7 23. Ra2 Rb4 24. f4 Rab8 25. Bb1 Qb6 26. e5 Ne8 27. Qe2 Ng7 28. Ne4
Bf5 29. Nf6+ Kh8 30. Bxf5 Nxf5 31. Nd7 Qd4 32. Nxb8 Rxb8 33. exd6 1-0

[Event "GCT 2021 Parigi - Blitz"]
[Site "Parigi"]
[Date "22.06.2021"]
[Round "16B"]
[White "Caruana, Fabiano"]
[Black "Aronian, Levon"]
[Result "1/2-1/2"]
[WhiteTitle "GM"]
[BlackTitle "GM"]
[WhiteElo "2820"]
[BlackElo "2781"]
[WhiteFideId "2020009"]
[BlackFideId "13300474"]
[EventDate "2021.06.21"]

1. d4 Nf6 2. c4 e6 3. Nc3 Bb4 4. e3 O-O 5. Bd2 c5 6. a3 Bxc3 7. Bxc3 Ne4 8. Rc1
b6 9. Nf3 Bb7 10. Be2 Nxc3 11. Rxc3 cxd4 12. exd4 d6 13. O-O Nd7 14. Qd2 Nf6 15.
Qe3 b5 16. b3 Qa5 17. Qc1 bxc4 18. bxc4 Rac8 19. h3 Nd5 20. Rc2 Nb6 21. Nd2 Rc7
22. c5 Rfc8 23. Nb3 Qa4 24. Qe3 Bd5 25. Rb1 Nd7 26. Na1 Qa5 27. Bb5 Nf6 28. Bf1
dxc5 29. dxc5 Bc6 30. Rcc1 Rd7 31. Nb3 Qxa3 32. Ra1 Qb4 33. Na5 Bd5 34. c6 Rdc7
35. Ba6 Rd8 36. Rcb1 Qe7 37. Rb7 h6 38. Qxa7 Ne8 39. Rab1 Rdc8 40. Qb6 Qg5 41.
Bf1 Be4 42. Rxc7 Rxc7 43. Re1 Bd5 44. Qb8 Qe7 45. Rb1 g5 46. Rb7 Kg7 47. Qa7 h5
48. Qb6 g4 49. hxg4 h4 50. Qe3 Rxb7 51. cxb7 Bxb7 52. Nxb7 Qxb7 53. Qg5+ Kf8 54.
Qxh4 Qe4 55. Qg5 Qd4 56. Be2 Qa1+ 57. Kh2 Qh8+ 58. Kg3 Qc3+ 59. Bf3 Qc7+ 60. Kh3
Qc3 61. Qh4 Kg7 62. g5 Nd6 63. Qh6+ Kg8 64. g6 Qh8 65. gxf7+ Nxf7 66. Qxh8+ Kxh8
67. Bg4 Kg7 68. Kh4 Kf6 69. Bh5 Nd6 70. g4 e5 71. g5+ Kg7 72. Kg4 Kh7 73. Kg3
Ne4+ 74. Kg4 Nxf2+ 75. Kf5 Kg7 76. Kxe5 Nh3 77. Kf5 Nxg5 78. Kxg5 1/2-1/2

[Event "GCT 2021 Parigi - Blitz"]
[Site "Parigi"]
[Date "22.06.2021"]
[Round "16B"]
[White "Nepomniachtchi, Ian"]
[Black "Kramnik, Vladimir"]
[Result "1/2-1/2"]
[WhiteTitle "GM"]
[BlackTitle "GM"]
[WhiteElo "2792"]
[BlackElo "2753"]
[WhiteFideId "4168119"]
[BlackFideId "4101588"]
[EventDate "2021.06.21"]

1. e4 e5 2. Nf3 Nc6 3. Bb5 Nf6 4. O-O Nxe4 5. d4 Nd6 6. Ba4 e4 7. Ne5 g6 8. Nc3
Bg7 9. Re1 O-O 10. Nxe4 Nxe4 11. Rxe4 Qe7 12. Re1 Nxe5 13. dxe5 Bxe5 14. c3 Qc5
15. Be3 Qe7 16. Bc1 Qc5 17. Be3 Qe7 18. Bc1 1/2-1/2

[Event "GCT 2021 Parigi - Blitz"]
[Site "Parigi"]
[Date "22.06.2021"]
[Round "16B"]
[White "So, Wesley"]
[Black "Firouzja, Alireza"]
[Result "1-0"]
[WhiteTitle "GM"]
[BlackTitle "GM"]
[WhiteElo "2770"]
[BlackElo "2759"]
[WhiteFideId "5202213"]
[BlackFideId "12573981"]
[EventDate "2021.06.21"]

1. d4 Nf6 2. c4 e6 3. Nc3 Bb4 4. e3 O-O 5. Bd3 d5 6. a3 Bxc3+ 7. bxc3 c6 8. Ne2
b6 9. cxd5 cxd5 10. f3 Ba6 11. e4 Bxd3 12. Qxd3 Qc8 13. O-O Qa6 14. Qc2 Nc6 15.
Bg5 Ne8 16. Bh4 Qc4 17. e5 f6 18. exf6 Nxf6 19. Qd2 Rae8 20. Rfe1 Nd7 21. Bg3 e5
22. dxe5 Ndxe5 23. Nf4 d4 24. Rac1 d3 25. Re4 Qc5+ 26. Kh1 Qxa3 27. Rce1 Qd6 28.
h4 Qh6 29. Qa2+ 1-0

[Event "GCT 2021 Parigi - Blitz"]
[Site "Parigi"]
[Date "22.06.2021"]
[Round "17B"]
[White "Firouzja, Alireza"]
[Black "Nepomniachtchi, Ian"]
[Result "1-0"]
[WhiteTitle "GM"]
[BlackTitle "GM"]
[WhiteElo "2759"]
[BlackElo "2792"]
[WhiteFideId "12573981"]
[BlackFideId "4168119"]
[EventDate "2021.06.21"]

1. e4 e6 2. d4 d5 3. Nc3 Nf6 4. e5 Nfd7 5. f4 c5 6. Nf3 Nc6 7. Be3 a6 8. a3 cxd4
9. Nxd4 Bc5 10. Be2 O-O 11. Qd2 Nxd4 12. Bxd4 b5 13. Bf3 Qb6 14. Ne2 a5 15. O-O
Bxd4+ 16. Nxd4 Nc5 17. Qe3 Bb7 18. f5 exf5 19. Nxf5 Rae8 20. b4 Na4 21. Qxb6
Nxb6 22. Nd6 Re7 23. bxa5 Nc4 24. Nxb7 Rxb7 25. Bxd5 Rd7 26. Bc6 Rc7 27. Bxb5
Nxa5 28. c4 Rfc8 29. Rf4 g6 30. a4 Re7 31. Re4 Rc5 32. Rd1 Rcxe5 33. Rxe5 Rxe5
34. Rd5 Re2 35. c5 Rc2 36. h4 Kg7 37. h5 gxh5 38. Rxh5 Nb7 39. c6 Na5 40. Rxh7+
Kxh7 41. Bd3+ Kg7 42. Bxc2 Nxc6 43. Be4 Na5 44. Kf2 Nc4 45. Bd5 Nb6 46. Bb3 f5
47. a5 Nc8 48. Be6 Ne7 49. a6 Nc6 50. Bxf5 Kf6 51. Bd3 1-0

[Event "GCT 2021 Parigi - Blitz"]
[Site "Parigi"]
[Date "22.06.2021"]
[Round "17B"]
[White "Aronian, Levon"]
[Black "Radjabov, Teimour"]
[Result "0-1"]
[WhiteTitle "GM"]
[BlackTitle "GM"]
[WhiteElo "2781"]
[BlackElo "2765"]
[WhiteFideId "13300474"]
[BlackFideId "13400924"]
[EventDate "2021.06.21"]

1. d4 Nf6 2. Nf3 d6 3. g3 Nbd7 4. Bg2 e5 5. c4 c6 6. Nc3 e4 7. Ng5 d5 8. cxd5
cxd5 9. O-O h6 10. Nh3 Nb6 11. f3 exf3 12. Rxf3 Be7 13. Nf4 O-O 14. a4 a5 15.
Qb3 Bb4 16. Rf2 Bxc3 17. bxc3 Re8 18. Rb1 Ra6 19. Nd3 Nc4 20. Qa2 Rc6 21. Rb5
Nd6 22. Rxd5 Be6 23. c4 Bxd5 24. cxd5 Rc8 25. Bd2 Nde4 26. Rf5 Qb6 27. e3 Qa6
28. Ne5 Qe2 29. Rxf6 gxf6 30. Qb2 Qd1+ 0-1

[Event "GCT 2021 Parigi - Blitz"]
[Site "Parigi"]
[Date "22.06.2021"]
[Round "17B"]
[White "Svidler, Peter"]
[Black "Vachier-Lagrave, Maxime"]
[Result "1/2-1/2"]
[WhiteTitle "GM"]
[BlackTitle "GM"]
[WhiteElo "2714"]
[BlackElo "2760"]
[WhiteFideId "4102142"]
[BlackFideId "623539"]
[EventDate "2021.06.21"]

1. e4 c5 2. Nc3 Nc6 3. Bb5 Nd4 4. Nf3 g6 5. O-O Bg7 6. Nxd4 cxd4 7. Ne2 a6 8.
Ba4 d3 9. cxd3 Nf6 10. f3 O-O 11. d4 d5 12. d3 Bd7 13. Bb3 Bc6 14. Be3 Rc8 15.
Qd2 e6 16. Rac1 Qb6 17. Rc3 a5 18. Rfc1 Ra8 19. a3 a4 20. Bd1 Rfe8 21. e5 Nd7
22. f4 f6 23. h4 h5 24. Kh2 f5 25. Ng1 Bf8 26. Nf3 Be7 27. Qf2 Nf8 28. R3c2 Rec8
29. Bd2 Bd7 30. Rxc8 Rxc8 31. Rxc8 Bxc8 32. Bc3 Bd7 33. Kg3 Kf7 34. Qd2 Nh7 35.
Kf2 Bc6 36. g3 Ke8 37. Ne1 Nf8 38. Nc2 Nd7 39. Bb4 Bxb4 40. Qxb4 Qxb4 41. Nxb4
Bb5 42. Ke3 Nb8 43. Na2 Bc6 44. Kd2 Na6 45. Kc3 b5 46. Nb4 Nb8 47. Na2 Na6 48.
Nc1 Ke7 49. b3 axb3 50. Nxb3 Be8 51. Nc5 Nb8 52. Nb7 Bc6 53. Nd6 Na6 54. Nc8+
Kd8 55. Nd6 Kc7 56. Bc2 Bd7 57. Kb2 Kb6 58. Bd1 Nb8 59. Kc3 Nc6 60. Nf7 Be8 61.
Ng5 Bd7 62. Nf3 Be8 63. Nd2 Na5 64. Nb3 Nxb3 65. Bxb3 Ka5 66. Bd1 Bd7 67. Bc2
Be8 68. Bd1 Bd7 69. Bc2 Be8 1/2-1/2

[Event "GCT 2021 Parigi - Blitz"]
[Site "Parigi"]
[Date "22.06.2021"]
[Round "18B"]
[White "Rapport, Richard"]
[Black "Svidler, Peter"]
[Result "1/2-1/2"]
[WhiteTitle "GM"]
[BlackTitle "GM"]
[WhiteElo "2763"]
[BlackElo "2714"]
[WhiteFideId "738590"]
[BlackFideId "4102142"]
[EventDate "2021.06.21"]

1. Nf3 c5 2. c4 Nc6 3. d4 cxd4 4. Nxd4 e5 5. Nb5 Bb4+ 6. Bd2 a6 7. N5c3 Nf6 8.
g3 d5 9. cxd5 Nxd5 10. Bg2 Be6 11. O-O O-O 12. Nxd5 Bxd5 13. Bg5 Qxg5 14. Qxd5
Qe7 15. a3 Ba5 16. b4 Bb6 17. Nc3 Bd4 18. Rac1 Rac8 19. Na4 Rfd8 20. Qe4 g6 21.
e3 Ba7 22. Rfd1 Rxd1+ 23. Rxd1 f5 24. Qc4+ Kg7 25. Qc3 Rc7 26. Qa1 Kh6 27. Nc3
Rd7 28. Bxc6 bxc6 29. Ne2 Rxd1+ 30. Qxd1 c5 31. Nc3 cxb4 32. Nd5 Qb7 33. Nxb4
Bc5 34. Nd3 Qd5 35. e4 fxe4 36. Qc1+ e3 37. Qxc5 exf2+ 38. Kxf2 Qxd3 39. Qxe5
Qxa3 40. Qf4+ Kg7 41. Qe5+ Kf7 42. Qd5+ Kf6 43. Qd4+ Ke6 44. Qe4+ Kd6 45. Qd4+
Kc6 46. Qe4+ Kb6 47. Qe6+ Ka5 48. Qd5+ Kb6 49. Qe6+ Ka5 50. Qd5+ Kb6 1/2-1/2

[Event "GCT 2021 Parigi - Blitz"]
[Site "Parigi"]
[Date "22.06.2021"]
[Round "18B"]
[White "Vachier-Lagrave, Maxime"]
[Black "Aronian, Levon"]
[Result "0-1"]
[WhiteTitle "GM"]
[BlackTitle "GM"]
[WhiteElo "2760"]
[BlackElo "2781"]
[WhiteFideId "623539"]
[BlackFideId "13300474"]
[EventDate "2021.06.21"]

1. e4 e5 2. Nf3 Nc6 3. Bb5 a6 4. Ba4 Nf6 5. O-O b5 6. Bb3 Bc5 7. c3 d6 8. a4 Rb8
9. d4 Bb6 10. a5 Ba7 11. h3 Bb7 12. Be3 Nxe4 13. d5 Bxe3 14. dxc6 Nxf2 15. Qe2
Nxh3+ 16. Kh1 Nf2+ 17. Rxf2 Bxf2 18. cxb7 Ba7 19. Bd5 Qd7 20. Qe4 Kf8 21. Ng5
Qe7 22. Nxf7 c6 23. Nxh8 Qf6 24. Ng6+ hxg6 25. Nd2 Ke7 26. Nf3 cxd5 27. Qg4 Rh8+
28. Nh2 Qf4 29. Qxf4 exf4 30. Rf1 g5 31. Rf3 g4 0-1